| 000 | 00571nam a2200217Ia 4500 | ||
|---|---|---|---|
| 003 | OSt | ||
| 005 | 20250610160742.0 | ||
| 008 | 210210b2006 xxu||||| |||| 00| 0 eng d | ||
| 020 | _a1403 92663 8 | ||
| 040 | _cAL | ||
| 041 | _aEnglish | ||
| 082 | _a332.1 INDP | ||
| 100 |
_aINDIAN INSTITUTE OF BANKING AND FINANCE. _9146807 |
||
| 245 |
_aPrinciples of banking: _bfor JAIB examination |
||
| 260 |
_aNew Delhi _bMacmillan India Ltd. _c2006 |
||
| 300 | _aviii,526 | ||
| 650 |
_aBanking _9146808 |
||
| 690 |
_aBanking _9146808 |
||
| 906 | _a061549 | ||
| 942 |
_2ddc _cBK |
||
| 999 |
_c108511 _d108511 |
||